[Event "Madrid San Viator op-B 31st"]
[Site "Madrid"]
[Date "2019.10.13"]
[Round "5"]
[White "Alamo Casanueva, Daniel"]
[Black "Mantecon Soto, Fernando"]
[Result "1/2-1/2"]
[WhiteElo "1449"]
[BlackElo "1330"]
[PlyCount "97"]
[EventDate "2019.09.08"]
[EventType "swiss"]
[EventRounds "9"]
[EventCountry "ESP"]
[SourceTitle "EXT 2022"]
[Source "ChessBase"]
[SourceDate "2021.10.06"]
[SourceVersion "1"]
[SourceVersionDate "2021.10.06"]
[SourceQuality "1"]

1. e4 e6 2. d4 d5 3. e5 c5 4. c3 Nc6 5. Nf3 Qb6 6. Bd3 Bd7 7. Bc2 cxd4 8. cxd4 Nge7 9. Nc3 Ng6 10. Na4 Qc7 11. a3 Be7 12. 0-0 0-0 13. Bg5 Rac8 14. Rc1 Qd8 15. Bxe7 Qxe7 16. Nc5 b6 17. Nb7 f6 18. Nd6 Rb8 19. Ba4 Na5 20. Nb5 Bxb5 21. Bxb5 Rbc8 22. Ba6 Rxc1 23. Qxc1 fxe5 24. Nxe5 Nxe5 25. dxe5 Qc5 26. b4 Qxc1 27. Rxc1 Nb3 28. Rc7 Rf7 29. Rc8+ Rf8 30. Rc3 Nd4 31. Kf1 Nf5 32. Bc8 Ne3+ 33. Ke2 Nxg2 34. Bxe6+ Kh8 35. Kf1 Nf4 36. Bd7 d4 37. Rc8 Rxc8 38. Bxc8 Kg8 39. e6 Kf8 40. Ke1 Ke7 41. Kd2 Nxe6 42. Kd3 Kd6 43. Bxe6 Kxe6 44. Kxd4 Kd6 45. f4 g6 46. b5 Ke6 47. Ke4 h6 48. h4 h5 49. a4 1/2-1/2

[Event "Madrid San Viator op-B 31st"]
[Site "Madrid"]
[Date "2019.10.06"]
[Round "4"]
[White "Carrera Mellado, Sergio"]
[Black "Alamo Casanueva, Daniel"]
[Result "1/2-1/2"]
[WhiteElo "1202"]
[BlackElo "1449"]
[PlyCount "72"]
[EventDate "2019.09.08"]
[EventType "swiss"]
[EventRounds "9"]
[EventCountry "ESP"]
[SourceTitle "EXT 2022"]
[Source "ChessBase"]
[SourceDate "2021.10.06"]
[SourceVersion "1"]
[SourceVersionDate "2021.10.06"]
[SourceQuality "1"]

1. d4 d5 2. c4 c5 3. Nf3 Nc6 4. cxd5 Qxd5 5. Nc3 Qd8 6. dxc5 Qxd1+ 7. Nxd1 e5 8. e4 Bxc5 9. Bb5 Bd6 10. Be3 Nf6 11. Nc3 0-0 12. 0-0 Bg4 13. Nd2 a6 14. Be2 Nb4 15. Bxg4 Nxg4 16. Bg5 Nc2 17. Rac1 Nd4 18. a3 b5 19. b4 Rac8 20. Rfe1 h6 21. Bh4 g5 22. Bg3 Nf6 23. Kf1 Nh5 24. Nd5 Ne6 25. Rxc8 Nxg3+ 26. hxg3 Rxc8 27. Re3 Rc1+ 28. Re1 Rc2 29. Nf3 g4 30. Nf6+ Kg7 31. Nxg4 Ra2 32. Re3 f6 33. Rd3 Ra1+ 34. Ke2 Ra2+ 35. Kf1 Ra1+ 36. Ke2 Ra2+ 1/2-1/2

[Event "Madrid San Viator op-B 30th"]
[Site "Madrid"]
[Date "2018.05.13"]
[Round "5"]
[White "Alamo Casanueva, Daniel"]
[Black "Sanchez Martin, Jose1"]
[Result "0-1"]
[WhiteElo "1447"]
[BlackElo "1653"]
[PlyCount "82"]
[EventDate "2018.04.08"]
[EventType "swiss"]
[EventRounds "9"]
[EventCountry "ESP"]
[SourceTitle "EXT 2019"]
[Source "ChessBase"]
[SourceDate "2018.10.10"]
[SourceVersion "1"]
[SourceVersionDate "2018.10.10"]
[SourceQuality "1"]

1. e4 g6 2. d4 Bg7 3. Nf3 e6 4. Nc3 Nf6 5. Be3 0-0 6. Be2 e5 7. d5 Ng4 8. Bg5 f6 9. Bd2 a6 10. Qc1 f5 11. h3 Nf6 12. Bh6 fxe4 13. Bxg7 Kxg7 14. Nd2 c6 15. dxc6 bxc6 16. Ndxe4 Nxe4 17. Nxe4 d5 18. Nc5 Qa5+ 19. c3 Qxc5 20. 0-0 Nd7 21. Qg5 Qd6 22. Rad1 Qf6 23. Qd2 Nc5 24. f3 Ne6 25. Bd3 Nf4 26. Bc2 Rb8 27. b3 Qg5 28. Kh2 Bf5 29. Bxf5 Qxf5 30. Qe3 Rb7 31. Qc5 Qe6 32. Rd2 Rbf7 33. c4 e4 34. fxe4 Qxe4 35. Qxc6 Qe5 36. Kh1 Ne2 37. Rxf7+ Rxf7 38. Rd1 Ng3+ 39. Kg1 Qe3+ 40. Kh2 Nf1+ 41. Kh1 Qe5 0-1

[Event "Madrid San Viator op-B 30th"]
[Site "Madrid"]
[Date "2018.04.22"]
[Round "3"]
[White "Alamo Casanueva, Daniel"]
[Black "Algaba Traspuesto, Jose Antonio"]
[Result "1-0"]
[WhiteElo "1447"]
[BlackElo "1544"]
[PlyCount "79"]
[EventDate "2018.04.08"]
[EventType "swiss"]
[EventRounds "9"]
[EventCountry "ESP"]
[SourceTitle "EXT 2019"]
[Source "ChessBase"]
[SourceDate "2018.10.10"]
[SourceVersion "1"]
[SourceVersionDate "2018.10.10"]
[SourceQuality "1"]

1. e4 c6 2. d4 d5 3. e5 c5 4. c3 Nc6 5. Nf3 Bg4 6. Be2 e6 7. Be3 Qb6 8. Qc2 Nh6 9. Bxh6 gxh6 10. dxc5 Bxc5 11. 0-0 Bxf3 12. Bxf3 Nxe5 13. Bh5 0-0-0 14. b4 Bd6 15. a4 Qc7 16. Rc1 Rdg8 17. Nd2 Rg5 18. Be2 Ng4 19. h3 Bh2+ 20. Kf1 Nxf2 21. Nf3 Rf5 22. Kxf2 Qg3+ 23. Kf1 Rg8 24. Bd1 Rg6 25. Qf2 Qd6 26. Bc2 Bg3 27. Qc5+ Qxc5 28. bxc5 Rgf6 29. Bxf5 Rxf5 30. Ke2 e5 31. Rf1 Rf6 32. Rad1 Kc7 33. Rxd5 Kc6 34. Rfd1 e4 35. Ne5+ Bxe5 36. Rxe5 Rg6 37. Rd6+ Kc7 38. Re7+ Kc8 39. Rxg6 hxg6 40. Rxf7 1-0